Алтае-Саянский и Забайкало-Верхнеамурский регионы / (Record no. 16495)
[ view plain ]
| 000 -LEADER | |
|---|---|
| fixed length control field | 01767nam a2200301 a 4500 |
| 001 - CONTROL NUMBER | |
| control field | 000057506 |
| 003 - CONTROL NUMBER IDENTIFIER | |
| control field | AM-YEHGA |
| 005 - DATE AND TIME OF LATEST TRANSACTION | |
| control field | 20250617121452.0 |
| 008 - FIXED-LENGTH DATA ELEMENTS--GENERAL INFORMATION | |
| fixed length control field | 980930s1988 ru ||||| |||| 00| 0 rus d |
| 040 ## - CATALOGING SOURCE | |
| Original cataloging agency | AM-YeHGA |
| 041 0# - LANGUAGE CODE | |
| Language code of text/sound track or separate title | rus |
| 090 ## - LOCALLY ASSIGNED LC-TYPE CALL NUMBER (OCLC); LOCAL CALL NUMBER (RLIN) | |
| -- | 16621 |
| 245 00 - TITLE STATEMENT | |
| Title | Алтае-Саянский и Забайкало-Верхнеамурский регионы / |
| Statement of responsibility, etc. | Ред. тома П.С. Матросов, Г.Н. Шапошников ; Под общ. ред. Е.А. Козловского. |
| 260 ## - PUBLICATION, DISTRIBUTION, ETC. | |
| Place of publication, distribution, etc. | Ленинград : |
| Name of publisher, distributor, etc. | Недра. Ленингр. отд-ние, |
| Date of publication, distribution, etc. | 1988. |
| 300 ## - PHYSICAL DESCRIPTION | |
| Extent | том ; |
| Dimensions | 27 см. |
| 505 ## - FORMATTED CONTENTS NOTE | |
| Miscellaneous information | Т. 7, Кн. 1 (1988, 300 с) |
| Title | Алтай, Саяны, Енисейский кряж |
| 550 ## - ISSUING BODY NOTE | |
| Issuing body note | М-во геологии. АН СССР. Всесоюзный научно-исследовательский геологический ин-т им. А.П. Карпинского |
| 650 14 - SUBJECT ADDED ENTRY--TOPICAL TERM | |
| Topical term or geographic name entry element | Алтайский регион |
| 650 14 - SUBJECT ADDED ENTRY--TOPICAL TERM | |
| Topical term or geographic name entry element | Геология СССР |
| 650 14 - SUBJECT ADDED ENTRY--TOPICAL TERM | |
| Topical term or geographic name entry element | Енисейский кряж |
| 650 14 - SUBJECT ADDED ENTRY--TOPICAL TERM | |
| Topical term or geographic name entry element | Саянский регион |
| 700 1# - ADDED ENTRY--PERSONAL NAME | |
| Personal name | Матросов, П.С. |
| Relator term | ред. |
| Relationship | edt |
| 700 1# - ADDED ENTRY--PERSONAL NAME | |
| Personal name | Шапошников, Г.Н. |
| Relator term | ред. |
| Relationship | edt |
| 700 1# - ADDED ENTRY--PERSONAL NAME | |
| Personal name | Козловский, Евгений Александрович |
| Relator term | ред. |
| Relationship | edt |
| 710 2# - ADDED ENTRY--CORPORATE NAME | |
| Corporate name or jurisdiction name as entry element | Всесоюзный научно-исследовательский геологический институт им. А.П. Карпинского (ВСЕГЕИ) |
| 773 08 - HOST ITEM ENTRY | |
| Title | Геологическое строение СССР и закономерности размещения полезных ископаемых : В 10-ти т. |
| Place, publisher, and date of publication | Ленинград : Недра. Ленингр. отд-ние |
| Record control number | (AM, AiYeEPHG)000077501 |
| 942 ## - ADDED ENTRY ELEMENTS (KOHA) | |
| Source of classification or shelving scheme | Universal Decimal Classification |
| Koha item type | Գրքեր / Books |
| Withdrawn status | Lost status | Source of classification or shelving scheme | Damaged status | Not for loan | Collection | Home library | Current library | Date acquired | Serial enumeration / chronology | Total checkouts | Full call number | Barcode | Date last seen | Price effective from | Koha item type | Public note |
|---|---|---|---|---|---|---|---|---|---|---|---|---|---|---|---|---|
| Universal Decimal Classification | General | Fundamental Scientific Library | Fundamental Scientific Library | 21/12/2016 | Т. 7, Кн. 1 | PIII/57333 | FL0410684 | 21/12/2016 | 21/12/2016 | Գրքեր / Books | 30 Days Loan | |||||
| Universal Decimal Classification | General | Fundamental Scientific Library | Fundamental Scientific Library | 14/11/2022 | Т. 7, Кн. 2 | PIII/55598 | FL0407693 | 14/11/2022 | 14/11/2022 | Գրքեր / Books | 30 Days Loan |
ՀՀ Գիտությունների ազգային ակադեմիայի հիմնարար գիտական գրադարան = Fundamental Scientific Library of NAS RA
All site content, except where otherwise noted, is licensed under a